| 000 | 00772nam a2200205Ia 4500 | ||
|---|---|---|---|
| 999 |
_c40774 _d40774 |
||
| 001 | 7413 | ||
| 003 | GE_BSU | ||
| 005 | 20231129165839.0 | ||
| 008 | 181216s1939||||ge |||||||||||||| ||geo|| | ||
| 040 | _cGE_BSU | ||
| 041 | _ageo | ||
| 080 | _a821.353.1-32 დ-14 | ||
| 100 |
_aდადიანი, შალვა _920511 |
||
| 245 |
_aწიგნი პირველი : _bჩანაწერები / _cშალვა დადიანი ; რედ. გრ. მიქაუტაძე. |
||
| 264 |
_aთბილისი : _bფედერაცია, _c1939. |
||
| 300 |
_a292 გვ. ; _c22 სმ. |
||
| 653 | _aჩანაწერები | ||
| 700 |
_aმიქაუტაძე, გრ. _eრედაქტორი _920512 |
||
| 942 |
_cBK _2udc |
||